Carte des États-Unis avec des états fusionnés aléatoirement. - Statistiques

Statistiques générales
  • Ce quiz a été pris 917 fois
  • Le résultat moyen est 9 sur 12
Réponses sur la Carte
Les réponses sont colorées sur une échelle allant du rouge au vert en fonction du pourcentage des utilisateurs qui les ont devinées à leur premier essai. Vous pouvez retrouver ces pourcentages ci-dessous.
 
Statistiques - réponses
Group Name State % Correct
États fusionnés Californie
100%
États fusionnés Californie
100%
États fusionnés Californie
100%
États fusionnés Dakota du Nord
100%
États fusionnés Michigan
100%
États fusionnés Nevada
100%
États fusionnés Nevada
100%
États fusionnés Texas
100%
États fusionnés Texas
100%
États fusionnés Texas
100%
États fusionnés Utah
100%
États fusionnés Nevada
96%
États fusionnés Colorado
95%
États fusionnés Dakota du Sud
95%
États fusionnés Nevada
95%
États fusionnés Nevada
95%
États fusionnés Nouveau-Mexique
95%
États fusionnés Utah
95%
États fusionnés Wyoming
95%
États fusionnés Colorado
94%
États fusionnés Dakota du Nord
94%
États fusionnés Dakota du Sud
94%
États fusionnés Floride
94%
États fusionnés Indiana
94%
États fusionnés Montana
94%
États fusionnés Nouveau-Mexique
94%
États fusionnés Tennessee
94%
États fusionnés Dakota du Sud
93%
États fusionnés Pennsylvanie
93%
États fusionnés Wyoming
93%
États fusionnés Arizona
92%
États fusionnés Arizona
92%
États fusionnés Idaho
92%
États fusionnés Oregon
92%
États fusionnés Tennessee
92%
États fusionnés Oklahoma
91%
États fusionnés Kansas
90%
États fusionnés Alabama
89%
États fusionnés Illinois
89%
États fusionnés Louisiane
89%
États fusionnés Oregon
89%
États fusionnés Oregon
89%
États fusionnés Pennsylvanie
89%
États fusionnés Virginie Occidentale
89%
États fusionnés Washington
89%
États fusionnés Wyoming
89%
États fusionnés Arkansas
88%
États fusionnés Georgie
88%
États fusionnés Idaho
88%
États fusionnés Louisiane
88%
États fusionnés New York
88%
États fusionnés Oregon
88%
États fusionnés Utah
88%
États fusionnés Louisiane
87%
États fusionnés Utah
87%
États fusionnés Wyoming
87%
États fusionnés Idaho
86%
États fusionnés Minnesota
86%
États fusionnés Nebraska
86%
États fusionnés Ohio
86%
États fusionnés Colorado
85%
États fusionnés Georgie
85%
États fusionnés Nebraska
85%
États fusionnés New Hampshire
85%
États fusionnés Arizona
84%
États fusionnés Idaho
84%
États fusionnés Mississippi
84%
États fusionnés Montana
84%
États fusionnés Illinois
83%
États fusionnés Minnesota
83%
États fusionnés Floride
82%
États fusionnés Idaho
82%
États fusionnés Washington
82%
États fusionnés Illinois
81%
États fusionnés Michigan
81%
États fusionnés Mississippi
81%
États fusionnés Tennessee
81%
États fusionnés Alabama
80%
États fusionnés Kansas
80%
États fusionnés Kentucky
80%
États fusionnés Ohio
80%
États fusionnés Virginie
80%
États fusionnés Arkansas
79%
États fusionnés Caroline du Nord
79%
États fusionnés Illinois
79%
États fusionnés Maine
79%
États fusionnés Nebraska
79%
États fusionnés Tennessee
79%
États fusionnés Wisconsin
79%
États fusionnés Arkansas
78%
États fusionnés Indiana
78%
États fusionnés Kentucky
78%
États fusionnés Mississippi
78%
États fusionnés Missouri
78%
États fusionnés New York
78%
États fusionnés Oklahoma
78%
États fusionnés Vermont
78%
États fusionnés Caroline du Sud
77%
États fusionnés Georgie
77%
États fusionnés Illinois
77%
États fusionnés Indiana
77%
États fusionnés Kansas
77%
États fusionnés Ohio
77%
États fusionnés Vermont
77%
États fusionnés Alabama
76%
États fusionnés Idaho
76%
États fusionnés Kentucky
76%
États fusionnés Montana
76%
États fusionnés Wisconsin
76%
États fusionnés Arkansas
75%
États fusionnés Kansas
75%
États fusionnés Massachusetts
75%
États fusionnés Massachusetts
75%
États fusionnés Missouri
75%
États fusionnés Nebraska
75%
États fusionnés Dakota du Nord
74%
États fusionnés Arizona
73%
États fusionnés Caroline du Nord
73%
États fusionnés Caroline du Sud
73%
États fusionnés Iowa
73%
États fusionnés Iowa
73%
États fusionnés Nouveau-Mexique
73%
États fusionnés Ohio
73%
États fusionnés Minnesota
71%
États fusionnés New Hampshire
71%
États fusionnés Utah
71%
États fusionnés Virginie
71%
États fusionnés Dakota du Sud
70%
États fusionnés Alabama
69%
États fusionnés Connecticut
69%
États fusionnés New York
69%
États fusionnés Indiana
68%
États fusionnés Kentucky
68%
États fusionnés Massachusetts
68%
États fusionnés Minnesota
68%
États fusionnés Nebraska
68%
États fusionnés Ohio
68%
États fusionnés Virginie Occidentale
68%
États fusionnés Wyoming
68%
États fusionnés Caroline du Nord
67%
États fusionnés New York
67%
États fusionnés Tennessee
67%
États fusionnés Kentucky
65%
États fusionnés Mississippi
65%
États fusionnés Virginie Occidentale
65%
États fusionnés Iowa
64%
États fusionnés Oklahoma
63%
États fusionnés Rhode Island
63%
États fusionnés Massachusetts
62%
États fusionnés Arkansas
61%
États fusionnés New Jersey
61%
États fusionnés Rhode Island
61%
États fusionnés Colorado
60%
États fusionnés Wyoming
60%
États fusionnés New Hampshire
59%
États fusionnés Pennsylvanie
59%
États fusionnés Vermont
59%
États fusionnés Virginie Occidentale
59%
États fusionnés Connecticut
58%
États fusionnés Massachusetts
58%
États fusionnés Colorado
57%
États fusionnés Iowa
56%
États fusionnés Missouri
56%
États fusionnés Michigan
55%
États fusionnés Maryland
53%
États fusionnés Connecticut
50%
États fusionnés New York
50%
États fusionnés Wisconsin
50%
États fusionnés Missouri
48%
États fusionnés Delaware
47%
États fusionnés Maryland
47%
États fusionnés Pennsylvanie
44%
États fusionnés New Jersey
32%
États fusionnés Pennsylvanie
32%
Aucun quiz correspondant
Distribution des résultats
% des personnes avec chaque résultat
Percentile par nombre de réponses
Votre historique - résultats
Vous n’avez pas pris ce quiz